00289nam a2200109 a 4500008004100000050001500041100001800056245004300074246004400117260000900161350000900170120416s1964 xx |||||||||||||| || u aTS 350 Far aFarrell, John10aConstructional steelwork shop practice aa textbook for apprentices and students c1964 a0.00